000 005530000a22001810004500
003 MACL
005 20160510121253.0
008 160510b xxu||||| |||| 00| 0 eng d
040 _aMACL
_cMACL
041 _aHindi
082 _a891.431 MAN
100 _aमंडलोई, लीलाधर
_952703
245 _aरात बिरात
_cलीलाधर मंडलोई
260 _bआधार प्रकाश
_c1995
_aनई दिल्‍ली
350 _a50
650 _aPoetry
_955839
942 _cHIN
_k891.431/MAN/P
_2ddc
999 _c20365
_d20365